Fluid mechanics through worked out problems (Record no. 2538)

000 -LEADER
fixed length control field 00578nam a22002177a 4500
001 - CONTROL NUMBER
control field 2538
003 - CONTROL NUMBER IDENTIFIER
control field BD-DhUET
008 - FIXED-LENGTH DATA ELEMENTS--GENERAL INFORMATION
fixed length control field 140924b xxu||||| |||| 00| 0 eng d
020 ## - INTERNATIONAL STANDARD BOOK NUMBER
International Standard Book Number 9843109230
040 ## - CATALOGING SOURCE
Transcribing agency 0
Modifying agency BD-DhUET
082 ## - DEWEY DECIMAL CLASSIFICATION NUMBER
Classification number 532
Item number QUA/2006
100 ## - MAIN ENTRY--PERSONAL NAME
Personal name Quamrul Islam , Md.
245 ## - TITLE STATEMENT
Title Fluid mechanics through worked out problems
250 ## - EDITION STATEMENT
Edition statement 1st ed.
260 ## - PUBLICATION, DISTRIBUTION, ETC. (IMPRINT)
Place of publication, distribution, etc. Gazipur
Name of publisher, distributor, etc. Islamic University of Technology
Date of publication, distribution, etc. 2006
300 ## - PHYSICAL DESCRIPTION
Extent xii,777 p.
504 ## - BIBLIOGRAPHY, ETC. NOTE
Bibliography, etc Includes bibliographies
650 #0 - SUBJECT ADDED ENTRY--TOPICAL TERM
Topical term or geographic name as entry element Fluid mechanics
700 ## - ADDED ENTRY--PERSONAL NAME
Personal name Mondal , Amalesh Chandra
942 ## - ADDED ENTRY ELEMENTS (KOHA)
Koha item type General Book
Holdings
Koha date last seen Lost status Location (home branch) Sublocation or collection (holding branch) Copy number Withdrawn status Price effective from Damaged status Koha item type Date acquired Shelving location Koha date last borrowed Koha issues (times borrowed) Koha out on loan Koha renewals Piece designation (barcode) Koha full call number Not for loan Source of classification or shelving scheme Koha normalized classification for sorting
2024-08-31 Central Library, BUETCentral Library, BUET1 2014-09-24 General Book2014-09-24Circulation section2024-08-3192024-09-14 102749532/QUA/2006  532QUA2006
2025-11-09 Central Library, BUETCentral Library, BUET2 2014-09-24 General Book2014-09-24Circulation section2025-08-1016  102750532/QUA/2006  532_000000000000000_QUA_2006
2026-04-12 Central Library, BUETCentral Library, BUET3 2014-09-24 General Book2014-09-24Circulation section2026-03-3015 1102751532/QUA/2006  532_000000000000000_QUA_2006
2025-06-30 Central Library, BUETCentral Library, BUET4 2015-08-17 General Book2015-08-17Circulation section2025-06-30242025-07-14 102748532/QUA/2006  532_000000000000000_QUA_2006
2023-12-02 Central Library, BUETCentral Library, BUET5 2018-04-21 General Book2006-11-06Circulation section2023-12-02102023-12-16 102752532/QUA/2006  532_000000000000000_QUA_2006